Ética : (Record no. 27443)

MARC details
000 -LEADER
fixed length control field 00740nam a22002057a 4500
005 - DATE AND TIME OF LATEST TRANSACTION
control field 20150124122926.0
008 - FIXED-LENGTH DATA ELEMENTS--GENERAL INFORMATION
fixed length control field 111123t mx||||| |||| 00| 0 spa d
020 ## - INTERNATIONAL STANDARD BOOK NUMBER
International Standard Book Number 9702607817
050 04 - LIBRARY OF CONGRESS CALL NUMBER
Classification number BJ1012
Item number O54 2007
100 1# - MAIN ENTRY--PERSONAL NAME
Personal name Ojeda Olalla, María Eugenia
245 10 - TITLE STATEMENT
Title Ética :
Remainder of title una visión global de la conducta humana /
Statement of responsibility, etc María Eugenia Ojeda Olalla, Paula Arizmendi Mar, Enrique Rivero Ojeda ; tev, tec. Felipe G. Lazarillo Moralez.
250 ## - EDITION STATEMENT
Edition statement 1a ed.
260 ## - PUBLICATION, DISTRIBUTION, ETC. (IMPRINT)
Place of publication, distribution, etc México :
Name of publisher, distributor, etc Pearson educación,
Date of publication, distribution, etc 2007
300 ## - PHYSICAL DESCRIPTION
Extent x, 238 p. :
Other physical details il. ;
Dimensions 27 cm.
504 ## - BIBLIOGRAPHY, ETC. NOTE
Bibliography, etc Incluye bibliografía e índice
650 #7 - SUBJECT ADDED ENTRY--TOPICAL TERM
Source of heading or term LEMB
Topical term or geographic name as entry element Ética
700 1# - ADDED ENTRY--PERSONAL NAME
Personal name Arizmendi Mar, Paula,
Relator term coaut.
700 1# - ADDED ENTRY--PERSONAL NAME
Personal name Rivero Ojeda, Enrique,
Relator term coaut.
942 ## - ADDED ENTRY ELEMENTS (KOHA)
Source of classification or shelving scheme Clasificación Decimal Dewey
Koha item type Libro
Holdings
Estado de pérdida Fuente de clasificación Estado del daño No para préstamo Ubicación permanente Ubicación actual Apartado o colección Fecha de adquisición Clasificación Código de Barras Date last seen Número de copia Tipo de recurso Nota pública Edición Área del conocimiento Total Checkouts Costo por reposición
  Biblioteca del Cogreso de los Estados Unidos     Biblioteca Pública Universitaria Biblioteca Pública Universitaria General 23/11/2011 BJ1012 O54 2007 BPU0000000012 16/01/2015 C : 1 Libro Romero        
  Biblioteca del Cogreso de los Estados Unidos     Biblioteca de la Preparatoria Ing. Pascual Ortiz Rubio Biblioteca de la Preparatoria Ing. Pascual Ortiz Rubio General 23/11/2011 BJ1012 O54 2007 PPO000002930 16/01/2015 C : 1 Libro Romero        
  Biblioteca del Cogreso de los Estados Unidos     Biblioteca de la Preparatoria Isaac Arriaga Biblioteca de la Preparatoria Isaac Arriaga General 23/11/2011 BJ1012 O54 2007 PIA000002993 16/01/2015 C : 1 Libro Romero        
  Biblioteca del Cogreso de los Estados Unidos     Biblioteca de la Preparatoria José Ma. Morelos Biblioteca de la Preparatoria José Ma. Morelos General 23/11/2011 BJ1012 O54 2007 PJM000002682 16/01/2015 C : 1 Libro Romero        
  Biblioteca del Cogreso de los Estados Unidos     Biblioteca de la Preparatoria Melchor Ocampo Biblioteca de la Preparatoria Melchor Ocampo General 23/11/2011 BJ1012 O54 2007 PMO000002993 16/01/2015 C : 1 Libro Romero        
  Biblioteca del Cogreso de los Estados Unidos     Biblioteca de la Preparatoria Melchor Ocampo Biblioteca de la Preparatoria Melchor Ocampo General 28/10/2021 BJ1012 O54 2007 PMO000002065 28/10/2021 C: 1 Libro   1a ed. Educación y Humanidades   1.00
  Biblioteca del Cogreso de los Estados Unidos     Biblioteca de las Preparatorias de Uruapan Biblioteca de las Preparatorias de Uruapan General 23/11/2011 BJ1012 O54 2007 PER000000040 16/01/2015 C : 1 Libro Romero        
  Biblioteca del Cogreso de los Estados Unidos     Biblioteca de las Preparatorias de Uruapan Biblioteca de las Preparatorias de Uruapan General 23/11/2011 BJ1012 O54 2007 PLC000000010 16/01/2015 C : 1 Libro Romero        
  Biblioteca del Cogreso de los Estados Unidos     Biblioteca del Colegio de San Nicolás Biblioteca del Colegio de San Nicolás General 23/11/2011 BJ1012 O54 2007 BPCS000002938 16/01/2015 C : 1 Libro Romero